000 00464nam a2200145Ia 4500
008 221007s9999 xx 000 0 und d
041 _aeng
082 _bNID
100 _aNidhi Thakkar - 2k171157 & Dr. Mihika Kulkarni - Guide
_9104985
245 _aGreen Human Resource Management Concept In Indian Industries Present Scenario
260 _c2018
_bSavitribai Phule Pune University
_aPune
300 _a47p
_cHard Bound
440 _v1
906 _bReference Books
999 _c78106
_d78106